Govt. of
Madhya Pradesh

मनोरमा इयर बुक 2025 (Record no. 68530)

MARC details
000 -LEADER
fixed length control field 00339nam a22001097a 4500
082 ## - DEWEY DECIMAL CLASSIFICATION NUMBER
Classification number 001
100 ## - MAIN ENTRY--AUTHOR NAME
Personal name मात्यु माम्मन
245 ## - TITLE STATEMENT
Title मनोरमा इयर बुक 2025
260 ## - PUBLICATION, DISTRIBUTION, ETC. (IMPRINT)
Place of publication Dehli
Name of publisher मलयाला मनोरमा
Year of publication 2026
650 ## - SUBJECT ADDED ENTRY--TOPICAL TERM
Topical Term सामान्य ज्ञान
942 ## - ADDED ENTRY ELEMENTS (KOHA)
Koha item type Hindi Books

No items available.